000 00919cam a22001934a 4500
005 20250605164112.0
008 250528s ||||||||||||||||||||||||d
035 _a17947
020 _a752830899
040 _aGR-AtMCL
_bgre
_dGR-AtMCL
_eAACR2
245 1 _aDecision Making
260 _bOrion Business Books,
_c1999
300 _a168
520 _aThis book contains all the tools, techniques and guidance you need to master effective decision-making and problem-solving. Understanding Decisions, Handling Different Types of Decision, Practical Techniques for Successful Decision Making, Managing Knowledge and Information, Implementing Decisions, Key Financial and Entrepreneurial Decisions, People Management Decisions, Successful Marketing Decisions, Strategic and Operational Decisions, Dealing with Problems, Index.
700 1 _aKourdi Jeremy
_94240
942 _cBK
999 _c3341
_d3341